Члены ШОС - Statistics

General Stats
  • This quiz has been taken 9 times
  • The average score is 8 of 10
Answer Stats
Страна % Correct
Китай
100%
Россия
100%
Казахстан
89%
Пакистан
89%
Таджикистан
89%
Индия
78%
Иран
78%
Узбекистан
78%
Беларусь
67%
Кыргызстан
56%
No matching quizzes found
Score Distribution
Percent of People with Each Score
Percentile by Number Answered
Your Score History
You have not taken this quiz